00393nam a2200157Ia 4500008004100000020001800041082001600059100001900075245004400094250000800138260002500146300001100171500002400182650001500206700001400221230524s9999 xx 000 0 und d a9788120317239 a652.73bNIG aB.M.Lall Nigam 0aCost Accounting Principles and Practice aIST aNEW DELHIbPHIc2009 aX;1164 aQuantity Number: 3 aManagement a I.C.Jain